000 00318nam a22001337a 4500
008 250513b |||||||| |||| 00| 0 eng d
020 _a0220662436
050 _aHD437
_b.W66
100 _aWood E.G.
245 _aCosting matters for managers
260 _aLondon
_bBusiness books
_c1974
300 _axviii
942 _cBK
999 _c3452
_d3452